| 000 | 02954nam0a2200445 4500 | ||
|---|---|---|---|
| 001 | RU\NLR\BIBL_A\011487894 | ||
| 005 | 20250630155012.0 | ||
| 020 |
_aRU _b7980 _9Сводный каталог листовок первых лет Советской власти (25 октября (7 ноября) 1917 - 1925) Т.4 (Ч.1). Листовки советских, партийных, профсоюзных, комсомольских и других организаций губерний РСФСР |
||
| 035 | _a(NLR Aleph) 011487894 | ||
| 090 |
_a11929825 _c11929825 |
||
| 100 | _a20171003d1918 |||y0rusy50 ca | ||
| 101 | 0 | _arus | |
| 102 | _aRU | ||
| 105 | _ay z 000zy | ||
| 135 | _acrcn 024apada | ||
| 200 | 1 |
_aОповещение _e[о призыве на действительную военную службу бывших офицеров, военных чиновников, унтер-офицеров, фельдфебелей и подпрапорщиков 1890-1898 гг. рождения _eлистовка _fВятский уезд. комиссариат по военным делам] |
|
| 210 |
_aВятка _cГуб. типо-лит. _d[1918] |
||
| 215 |
_a1 с. _d33х21 |
||
| 300 | _aПодписи: вятский уездный военный комиссар М. Корчемкин; военный руководитель Папетов | ||
| 300 | _aГод изд. установлен по дате поступления обяз. экз. | ||
| 325 | 1 | _aКопия доступна в Электронной библиотеке РНБ | |
| 517 | 1 | _aО призыве на действительную военную службу бывших офицеров, военных чиновников, унтер-офицеров, фельдфебелей и подпрапорщиков 1890-1898 гг. рождения | |
| 607 |
_aРСФСР _jЛистовки _xПолитика и управление _y1917 - 1925 _92312782 _3RU\NLR\auth\6601609564 |
||
| 686 | 0 | _aТ3(2)71-313,011 | |
| 686 | 1 | _aЦ35(2)712,011 | |
| 702 | 1 |
_4720 _7ca _8rus _aКорчемкин _bМ. _cбольшевик, парт. деятель _gМаксим _9180165 _3RU\NLR\AUTH\770180216 |
|
| 702 | 1 |
_4720 _aПапетов _cвоен. руководитель _9181817 _3RU\NLR\AUTH\770181868 |
|
| 710 | 0 | 2 |
_aВятский уездный комиссариат по военным делам _9573317 _3RU\NLR\AUTH\880454960 |
| 852 | 0 | 0 |
_aNLR _bФЛ _j27/84 |
| 856 | 0 | _uhttp://vivaldi.nlr.ru/ll000076162/view | |
| 856 | 1 | _uhttp://vivaldi.nlr.ru/ll000076162/cover | |
| 856 | 2 | _uhttp://vivaldi.nlr.ru/ll000076162/text | |
| 942 | _cBOOK | ||
| 980 | _aNB | ||
| 981 | 2 | 1 |
_a(21) Листовки _b(21) Листовки 1918 года |